000
00307nam a22001337a 4500
008
190304b xxu||||| |||| 00| 0 eng d
020
_a
0070072418
041
_a
eng
080
_a
574
100
_a
10
101
_a
MJE
245
_a
Introduction to Agricultural Marketing
_c
Branson.R.E
942
_2
udc
_c
BK
999
_c
54415
_d
54415